Statistics for South American Countries by Flag

Click here to take the quiz!

General Stats

  • This quiz has been taken 550 times
  • The average score is 10 of 12

Answer Stats

Answer% Correct
Argentina
99%
Uruguay
94%
Colombia
91%
Brazil
90%
Chile
87%
Venezuela
87%
Ecuador
81%
Peru
77%
Guyana
76%
Paraguay
76%
Suriname
76%
Bolivia
74%

Score Distribution

Percentile by Number Answered

Percent of People with Each Score

Your Score History

You have not taken this quiz